Quản trị môi trường nông lâm ngư nghiệp
Một số vấn đề cấp bách về môi trường Việt Nam. Hiểm hoạ đối với nông nghiệp khi môi trường khí hậu thay đổi. Quản trị sự thoái hoá môi trường đất. Quản trị sinh thái môi trường sông ngòi, ven biển, vùng cửa sông. Kinh tế môi trườ...
Tallennettuna:
| Päätekijä: | |
|---|---|
| Aineistotyyppi: | Kirja |
| Kieli: | Undetermined |
| Julkaistu: |
Tp. HCM
Nông Nghiệp
1999
|
| Aiheet: | |
| Tagit: |
Lisää tagi
Ei tageja, Lisää ensimmäinen tagi!
|
| Thư viện lưu trữ: | Trung tâm Học liệu Trường Đại học Cần Thơ |
|---|
| LEADER | 01130nam a2200205Ia 4500 | ||
|---|---|---|---|
| 001 | CTU_35222 | ||
| 008 | 210402s9999 xx 000 0 und d | ||
| 020 | |c 15000 | ||
| 082 | |a 658.408 | ||
| 082 | |b B100 | ||
| 100 | |a Lê Huy Bá | ||
| 245 | 0 | |a Quản trị môi trường nông lâm ngư nghiệp | |
| 245 | 0 | |c Lê Huy Bá, Nguyễn Đức An | |
| 260 | |a Tp. HCM | ||
| 260 | |b Nông Nghiệp | ||
| 260 | |c 1999 | ||
| 520 | |a Một số vấn đề cấp bách về môi trường Việt Nam. Hiểm hoạ đối với nông nghiệp khi môi trường khí hậu thay đổi. Quản trị sự thoái hoá môi trường đất. Quản trị sinh thái môi trường sông ngòi, ven biển, vùng cửa sông. Kinh tế môi trường và quản lí môi trường | ||
| 650 | |a agriculture - environmental aspects,environmental management,environmental protection,fishery - environmental aspects,forests and forestry - environmental aspects | ||
| 904 | |i Minh, 000222 | ||
| 980 | |a Trung tâm Học liệu Trường Đại học Cần Thơ | ||